|
|
|
|
| LEADER |
01284nam a2200289 u 4500 |
| 001 |
10118635 |
| 003 |
upatras |
| 005 |
20210117205701.0 |
| 008 |
160107s2006 gr gre |
| 020 |
|
|
|a 9607510119
|
| 040 |
|
|
|a GR-PaULI
|c GR-PaULI
|
| 041 |
0 |
|
|a gre
|
| 082 |
0 |
4 |
|a 621.319 2
|
| 100 |
1 |
|
|a Κανελλόπουλος, Ιωάννης Δ.
|4 aut
|9 148076
|
| 245 |
1 |
0 |
|a Ηλεκτρικά κυκλώματα
|c Ι. Δ. Κανελλόπουλος, Χ. Ν. Βαζούρας [και] Σ. Ν. Λιβιεράτος
|
| 250 |
|
|
|a 2η έκδ.
|
| 260 |
|
|
|a Αθήνα
|b Παπασωτηρίου
|c 2006
|
| 300 |
|
|
|a xiv, 564 σ.
|b πίν., σχήμ.
|c 25 εκ.
|
| 504 |
|
|
|a Περιλαμβάνει βιβλιογραφία
|
| 650 |
|
4 |
|a Ηλεκτρικά κυκλώματα
|9 1448
|
| 700 |
1 |
|
|a Βάζουρας, Χ. Ν.
|4 aut
|9 148077
|
| 700 |
1 |
|
|a Λιβιεράτος, Σ. Ν.
|4 aut
|9 148078
|
| 852 |
|
|
|a GR-PaULI
|b ΠΑΤΡΑ
|b ΒΚΠ
|b ΒΣ1
|k ΑΣΧΕ
|h 621.319 2 ΚΑΝ
|m 122974
|p 025000234768
|t 1
|
| 942 |
|
|
|2 ddc
|c BK15
|
| 952 |
|
|
|0 0
|1 0
|4 0
|6 621_319000000000000_2_ΚΑΝ
|7 0
|9 187432
|a LISP
|b LISP
|c BSC
|d 2016-04-24
|i 122974
|l 5
|m 1
|o 621.319 2 ΚΑΝ
|p 025000234768
|r 2018-05-21 00:00:00
|s 2018-04-30
|t 1
|w 2016-04-24
|y BK15
|
| 998 |
|
|
|c ΜΠΟΥΡΑΣ
|d 2016-01
|
| 999 |
|
|
|c 115588
|d 115588
|